01351nam a2200169 4500999001900000008004100019100003300060245007200093260000900165300001500174520076000189700003100949773005300980906002801033942001201061952010801073 c510856d510856190903b ||||| |||| 00| 0 eng d aMohanty, Chandan Kumar99492 aPublic-private wage gap in the Indian mining and quarrying industry c2019 ap.232-253. aThis article examines if there is a wage gap between public and private mining (and quarrying) workers in India, using the NSS data (2004–2005, 2009–2010 and 2011–2012). We employ linear and quantile regressions to estimate the wage gap. The ordinary least squares (OLS) results suggest that workers in the public sector mines (and quarries) earn 59 per cent more than their private sector counterparts. However, the wage gap is not uniform across the conditional wage distribution. The quantile regression estimates show that the magnitude of the wage gap is larger at the bottom quantile than at the top; the gap reduces as we move up the wage distribution. Observations drawn from our sub-sample analysis concur with these findings. - Reproduced. aMohanty, Smrutirekha99493 aMargin- The Journal of Applied Economic Research aMining industry - India 2ddccAR 00102ddc40709384801aIIPAbIIPAd2019-09-03h13(2), May, 2019: p.232-253.pAR120701r2019-09-03yAR